000 00725nam a2200265Ia 4500
003 OSt
005 20220912150642.0
006 a|||||r|||| 00| 0
007 ta
008 220909b |||||||| |||| 00| 0 eng d
024 _a48024
037 _cTextual
040 _aCSL
_beng
_cCSL
041 _aeng
082 _aH421, L51
100 _aAndrews J T
245 0 _aGlacial systems: An approach to glaciers and their environments
260 _aNorth
_bScituate Duxbury Press
_c1975
300 _axiii,191p.
_ccm.
500 _aAppendix 171-177p.
_ccm.; Glossary 178-183p
650 _a Glaciology
650 _aGeology
942 _hH421, L51
_cTEXL
_2CC
999 _c51857
_d51857